000 00698nam a2200217Ia 4500
005 20251020182615.0
008 200515s9999 xx 000 0 und d
082 _aSC/693.1/C43
110 _aIcic
245 0 _aManual del Albañil
250 _a4a ed.
260 _aMéxico, D.F.
260 _c1984
520 _aManual dividido en tres partes que contienen un conjunto de hojas de instrucción (de operaciones y de tecnología) que contienen las informaci9ones básicas sobre los conocimientos relacionados a una ocupación, en este caso la de Oficial Albañil
650 _aALBAÑILERIA
650 _aHIT
650 _aHO
650 _aMANUALES
650 _aPUB ICIC
942 _cLIB
999 _c3477
_d3477